| 000 | 00741nas a2200253 4500 | ||
|---|---|---|---|
| 001 | BR8801190 | ||
| 003 | BR-BrBNA | ||
| 005 | 20231205091050.0 | ||
| 007 | ta | ||
| 008 | 230509b bl.|||p| |||| 00| 00por d | ||
| 040 |
_aBR-BrBNA _bpor _cBiblioteca Nacional de Agricultura |
||
| 041 | _a(En) | ||
| 072 | _aF60 | ||
| 100 | 1 | _aQueiroz Neto, A. | |
| 100 | 1 | _aPrado, W.A. | |
| 100 | 1 | _aCortez, D.A. | |
| 100 | 1 | _aBracht, A. | |
| 245 | 1 | _aIdentification of - gamma Aminoleutyric acid in Phoradendron latifolium (SW)Eriseb | |
| 650 | _aCROMATOGRAFIA | ||
| 650 | _aACIDO | ||
| 773 | 0 |
_tArs Veterinaria (Brazil) _xISSN 0102-6380 _g(1986), v. 2(2) p. 185-193 _wBR8801190 |
|
| 909 |
_a202311 _bLúcia _c55 _dLúcia Elande |
||
| 942 |
_2AGRIS _n0 _cANA |
||
| 999 |
_c122521 _d122521 |
||